| 000 | 01676nam0a22003131 4500 | ||
|---|---|---|---|
| 001 | rc\4055017 | ||
| 005 | 20260407090458.0 | ||
| 021 |
_aRU _b[50-39148] |
||
| 035 | _a(NLR Aleph) 008108536 | ||
| 090 |
_a9289221 _c9289221 |
||
| 100 | _a20130415d1950 |||y0rusy50 ca | ||
| 101 | 0 | _arus | |
| 102 | _aRU | ||
| 105 | _ay c ||||| | ||
| 200 | 1 |
_aВеликие стройки Сталинской эпохи _e[Куйбышевск., Сталингр. и Кахов. гидроэлектростанции, Гл. Туркм., Юж.-Укр. и Сев.-Крым. каналы] _eКраткий рекоменд. указатель литературы _fГос. ордена Ленина б-ка СССР им. В.И. Ленина |
|
| 210 |
_aМосква _cТип. Б-ки им. В.И. Ленина _d1950 |
||
| 215 |
_a24 с. _d19 |
||
| 300 | _aНа обороте тит. л. сост.: С.В. Казаков, И.М. Кауфман, З.Г. Коркина | ||
| 606 |
_aГидроэнергетическое строительство СССР _jБиблиография _2psbo |
||
| 606 |
_aГидротехническое строительство СССР _jБиблиография _2psbo |
||
| 700 | 1 |
_aКазаков _bС.В. _gСергей Васильевич _4220 |
|
| 701 | 1 |
_aКоркина _bЗ.Г. _gЗоя Георгиевна _4220 |
|
| 701 | 1 |
_aКауфман _bИ.М. _gИсаак Михайлович _4220 |
|
| 712 | 0 | 2 |
_aГосударственная библиотека СССР им. В. И. Ленина _3RU\NLR\AUTH\8814673 _9302659 |
| 801 | 0 |
_aRU _bNLR _gpsbo |
|
| 801 | 1 |
_aRU _bELAR _2rusmarc |
|
| 852 |
_aNLR _jС417-660/К-14 |
||
| 942 | _cBOOK | ||
| 980 | _aNB | ||